Detalles MARC
| 000 -CABECERA |
| Longitud fija campo de control |
01863nam a2200361 i 4500 |
| 003 - • IDENTIFICADOR DELl NÚMERO DE CONTROL |
| Identificador del número de control |
CO-BoRNBP |
| 005 - • FECHA Y HORA DE LA ÚLTIMA TRANSACCIÓN |
| Fecha y hora de la última transacción |
20250709121758.0 |
| 007 - • CAMPO FIJO DE DESCRIPCIÓN FÍSICA |
| Campo fijo de descripción física |
ta |
| 008 - • CÓDIGOS DE INFORMACIÓN DE LONGITUD FIJA |
| Códigos de información de longitud fija |
231121s2023 ck a|||jr|||| 000 1|spa d |
| 020 ## - • NÚMERO INTERNACIONAL NORMALIZADO PARA LIBROS |
| Número Internacional Normalizado para Libros (ISBN) |
9786287609099 |
| 040 ## - FUENTE DE LA CATALOGACIÓN |
| Centro catalogador de origen |
CO-BoRNBP |
| Lengua de catalogación |
spa |
| Normas de descripción |
rda |
| Centro transcriptor |
CO-BoRNBP |
| 041 0# - • CÓDIGO DE LENGUA |
| Código de lengua del texto/banda sonora o título independiente |
spa |
| 043 ## - CÓDIGO DE ÁREA GEOGRÁFICA |
| Código de área geográfica |
s-ck--- |
| 084 ## - • Clasificación Local Alfanúmerica PNLB |
| Número de clasificación |
C VEL13 |
| 100 ## - • PUNTO DE ACCESO PRINCIPAL-NOMBRE DE PERSONA |
| Nombre de persona |
Velásquez Guiral, Marcela, |
| Fechas asociadas al nombre |
1984- , |
| 245 10 - • TITULO PROPIAMENTE DICHO |
| Título |
A mediodía llovían pájaros |
| Mención de responsabilidad, etc. |
Marcela Guiral Velásquez ; ilustraciones Alejandra Estrada |
| 250 ## - • MENCIÓN DE EDICIÓN |
| Mención de edición |
Edición especial para el Ministerio de las Culturas |
| 264 #1 - PRODUCCIÓN, PUBLICACIÓN , DISTRIBUCIÓN, FABRICACIÓN Y COPYRIGHT |
| Lugar de producción, publicación, distribución, fabricación |
Bogotá, Colombia |
| Nombre del productor, editor, distribuidor, fabricante |
Babel |
| Fecha de de producción, publicación, distribución, fabricación o copyright |
2023 |
| 300 ## - • DESCRIPCIÓN FÍSICA |
| Extensión |
259 páginas |
| Otras características físicas |
ilustraciones a color |
| Dimensiones |
19 cm |
| 336 ## - TIPO DE CONTENIDO |
| Término de tipo de contenido |
texto |
| Código de tipo de contenido |
txt |
| Fuente |
rdacontenido |
| 337 ## - TIPO DE MEDIO |
| Nombre del tipo de medio |
sin mediación |
| Código del tipo de medio |
n |
| Fuente |
rdamedio |
| 338 ## - TIPO DE SOPORTE |
| Nombre del tipo de soporte |
volumen |
| Código del tipo de soporte |
nc |
| Fuente |
rdasoporte |
| 500 ## - • NOTA GENERAL |
| Nota general |
Incluye datos biográficos de los autores |
| 520 3# - • NOTA DE RESUMEN |
| Resumen, etc, |
Un pueblo en medio de las montañas de Colombia, un bosque antes habitado por mariposas azules, ahora un bosque y un pueblo de pájaros. Pájaros que no solo hacen parte de la vida diaria, pájaros que dictan la actuación y determinan el futuro de los habitantes con quienes comparten el pueblo. Hubo antes una guerra que acabó con las mariposas; ahora, llega hasta el pueblo lo peor de otra guerra y nuevamente la naturaleza, esta vez representada por los pájaros, lleva la peor parte y a la vez representa la salvación. Una historia que se repite, un pueblo que aprende de su pasado. (Tomado a partes del texto). |
| 521 ## - • NOTA DE PÚBLICO DESTINATARIO |
| Nota público destinatario (R ) |
Recomendado para un público mayor de 12 años |
| 650 10 - • PUNTO DE ACCESO ADICIONAL DE MATERIA - TÉRMINO DE MATERIA |
| Término de materia o nombre geográfico como elemento inicial |
Cuentos juveniles colombianos |
| Subdivisión cronológica |
Siglo XXI |
| Fuente del encabezamiento o término |
LEMB |
| 650 10 - • PUNTO DE ACCESO ADICIONAL DE MATERIA - TÉRMINO DE MATERIA |
| Término de materia o nombre geográfico como elemento inicial |
Literatura Juvenil Colombiana |
| Fuente del encabezamiento o término |
LEMB |
| 650 17 - • PUNTO DE ACCESO ADICIONAL DE MATERIA - TÉRMINO DE MATERIA |
| Término de materia o nombre geográfico como elemento inicial |
Conflicto armado en la literatura |
| Fuente del encabezamiento o término |
LEMB |
| 650 17 - • PUNTO DE ACCESO ADICIONAL DE MATERIA - TÉRMINO DE MATERIA |
| Término de materia o nombre geográfico como elemento inicial |
Aves |
| Subdivisión geográfica |
Colombia |
| Fuente del encabezamiento o término |
LEMB |
| 700 ## - • PUNTO DE ACCESO ADICIONAL - NOMBRE DE PERSONA |
| Nombre de persona |
Estrada, Alejandro |
| 942 ## - ENTRADA DE ELEMENTOS AGREGADOS (KOHA) |
| Fuente de clasificaión o esquema |
|
| Koha [por defecto] tipo de item |
Libro Literatura |